00611nam a2200181 a 450000100060000000300090000600800410001502000150005604000280007108200160009910000400011524500880015526000430024330000220028665000420030865000390035065000400038919625CO-ViMGA141112s2004 ck r 000 u spa d a9589138624 aCO-ViMGAbspacCO-ViMGA04a384.5 C177e1 aCastaño Castillo, Alvaro (et al.)10aCronología de la cultura 1950 - 1990 : bVoces y hechos de la cultura en Colombia aBogotá : bVillegas Editores, c1992 a524 p + 6 casetes14aBIOGRAFIAS - PERSONAJES DE LA CULTURA14aEMISORA HJCK - HISTORIA - COLOMBIA14aRADIODIFUSION - HISTORIA - COLOMBIA